00652nam a2200217Ia 4500003000900000008004100009040001300050040001300063041000800076100002000084245003700104250001000141260002400151260000900175300001100184300001000195490000600205942000700211999001700218952019900235IT-RoPAU120407s9999 xx 000 0 und d aIT-RoPAU cIT-RoPAU aita aVittorio Pozzar aQuaran’anni di ACLI 1944-1963 aRoma  aFormazione e lavoro c1985 a368 p. c21 cm v1 cBK c33524d33524 00102ddc406331_37000000000000071aPAULUSbPAULUSd2012-04-11l0o331.37r2012-04-11 00:00:00w2012-04-11yBKzInserito da: Mario In data: 19 settembre 2011 fondo: Via A.Severo 56 Progr:30401